[Event "Nordic Championship 65+"]
[Site "Vaxjo"]
[Date "2017.06.27"]
[Round "2.5"]
[White "Grahn, Lars"]
[Black "Nilsson, Weine"]
[Result "0-1"]
[WhiteElo "2008"]
[BlackElo "1956"]

1.Nf3 c5 2.e3 Nf6 3.b3 g6 4.Bb2 Bg7 5.Be2 O-O 6.O-O b6 7.c4 Bb7 8.Nc3 d6 
9.d4 e6 10.Qd2 Qe7 11.Rad1 Nc6 12.a3 Rfd8 13.Qc2 Rac8 14.d5 exd5 15.cxd5 
Nb8 16.e4 a6 17.Nd2 b5 18.f3 b4 19.Ncb1 Nxd5 20.Nc4 Nf4 21.Rfe1 Qc7 22.Bf1
Nc6 23.axb4 Nxb4 24.Qf2 d5 25.exd5 Rxd5 26.Bxg7 Kxg7 27.Rxd5 Bxd5 28.Rd1 
Be6 29.Nc3 Bf5 30.Nd6 Bc2 31.Nxc8 Bxd1 32.Nxd1 Qxc8 33.Bc4 Qf5 34.Nc3 Qe5 
35.Qd2 Nfd3 36.Kf1 Nf4 37.g3 Ne6 38.Ne4 Nd4 39.Kg2 Qf5 40.Qd1 Qe5 41.Qd2 
h6 42.Nf2 Qf5 43.Qe3 Nbc2 44.Qc3 Qxf3+ 45.Qxf3 Ne1+ 46.Kh1 Nexf3 47.Ne4 
Ne5 48.Bxa6 Nxb3 49.Nxc5 Nxc5 50.Bb5 Kf6 51.Kg2 h5 52.Be2 Ne6 53.Bd1 Nd4 
54.Ba4 Nec6 55.Bd1 Nf5 56.Ba4 Ncd4 57.Bd7 Ke5 58.Be8 Nd6 59.Bd7 Ke4 60.Ba4
g5 61.Bd1 h4 62.Ba4 N4f5 0-1

[Event "Nordic Championship 65+"]
[Site "Vaxjo"]
[Date "2017.06.27"]
[Round "2.6"]
[White "Koski, Viljo"]
[Black "Wihlborn, Bengt"]
[Result "1-0"]
[WhiteElo "1917"]
[BlackElo "1842"]

1.Nf3 d5 2.g3 Nf6 3.Bg2 e6 4.d3 Be7 5.O-O O-O 6.Nbd2 b6 7.e4 dxe4 8.dxe4 
Bb7 9.e5 Ne8 10.Qe2 h6 11.Ne4 a5 12.Rd1 Qc8 13.a4 Na6 14.c3 Nc5 15.Nxc5 
Bxc5 16.Be3 Bxe3 17.Qxe3 c5 18.Rd2 Bc6 19.b3 Nc7 20.c4 Rb8 21.Rad1 Na6 22.
h4 Nb4 23.g4 f5 24.g5 f4 25.Qc3 Qe8 26.gxh6 gxh6 27.Rd6 Kh8 28.Kf1 Rg8 29.
Rxc6 Rxg2 30.Rxe6 Qxe6 31.Kxg2 Qg4+ 32.Kf1 Nc6 33.e6+ Nd4 34.Rxd4 cxd4 35.
Qxd4+ Kg8 36.Qd5 Re8 37.e7+ Kg7 38.Qd4+ Kg8 39.Qd5+ Kg7 40.Qd4+ Kg8 41.Qf6
Qxf3 42.Qg6+ 1-0

[Event "Nordic Championship 65+"]
[Site "Vaxjo"]
[Date "2017.06.27"]
[Round "2.7"]
[White "Lundgren, Ulf"]
[Black "Olsson, Sture"]
[Result "1/2-1/2"]
[WhiteElo "1963"]
[BlackElo "1921"]

1.d4 Nf6 2.c4 g6 3.Nf3 Bg7 4.Nc3 d5 5.e3 O-O 6.cxd5 Nxd5 7.Bc4 Nxc3 8.bxc3
c5 9.O-O Nc6 10.Rb1 Qc7 11.Qe2 a6 12.Ba3 cxd4 13.cxd4 b5 14.Bd5 Bb7 15.
Rfc1 Qd7 16.Rc5 Nxd4 17.Bxf7+ Rxf7 18.Nxd4 Raf8 19.Rf1 Bd5 20.Qc2 Bc4 21.
Rxc4 bxc4 22.Qxc4 Rc8 23.Qxa6 Bxd4 24.exd4 Rc2 25.Qd3 Rxa2 26.Qb3 Rd2 27.
Qb8+ Rf8 28.Qb3+ Rf7 29.Qb8+ Rf8 30.Qb3+ Rf7 31.Qb8+ 1/2-1/2

[Event "Nordic Championship 65+"]
[Site "Vaxjo"]
[Date "2017.06.27"]
[Round "2.8"]
[White "Johansson, Bjorn"]
[Black "Ehlers, Kjeld"]
[Result "1-0"]
[WhiteElo "1922"]
[BlackElo "1560"]

1.c4 e5 2.g3 Nf6 3.Bg2 Nc6 4.Nc3 Bc5 5.a3 a5 6.e3 Qe7 7.d3 O-O 8.Nge2 d6 
9.O-O Be6 10.Nd5 Bxd5 11.cxd5 Nd8 12.d4 exd4 13.exd4 Bb6 14.Re1 Re8 15.Bd2
Qd7 16.Bc3 c6 17.Nf4 cxd5 18.Qb3 Ba7 19.Rxe8+ Qxe8 20.Re1 Qd7 21.Bh3 Ne6 
22.Nxe6 1-0

[Event "Nordic Championship"]
[Site "Vaxjo"]
[Date "2017.06.27"]
[Round "2.1"]
[White "Pantzar, Milton"]
[Black "Grandelius, Nils"]
[Result "0-1"]
[WhiteElo "2313"]
[BlackElo "2655"]

1.d4 d5 2.c4 c6 3.Nc3 Nf6 4.e3 e6 5.Nf3 Nbd7 6.Qc2 Bd6 7.b3 O-O 8.Be2 b6 
9.O-O Bb7 10.Bb2 Qe7 11.e4 Nxe4 12.Nxe4 dxe4 13.Qxe4 f5 14.Qe3 c5 15.Rad1 
Rad8 16.Qg5 Nf6 17.dxc5 Bxc5 18.Ne5 Rxd1 19.Bxd1 Rd8 20.Bf3 Bxf3 21.gxf3 
h6 22.Qc1 Nh5 23.b4 Bd6 24.Rd1 Bxb4 25.Rxd8+ Qxd8 26.Nc6 Qd6 27.Nxa7 Qd3 
28.Qe3 Qxc4 29.Qxb6 Bc5 30.Qb5 Qc2 31.Qe8+ Kh7 32.Qxh5 Qxf2+ 33.Kh1 Qf1# 
0-1

[Event "Nordic Championship"]
[Site "Vaxjo"]
[Date "2017.06.27"]
[Round "2.2"]
[White "Dragicevic, Drazen"]
[Black "Ziska, Helgi Dam"]
[Result "1/2-1/2"]
[WhiteElo "2306"]
[BlackElo "2544"]

1.Nf3 Nf6 2.g3 g6 3.Bg2 Bg7 4.O-O O-O 5.d4 d6 6.Re1 Nbd7 7.e4 e5 8.a4 Re8 
9.Nc3 c6 10.dxe5 dxe5 11.h3 Qc7 12.Be3 Bf8 13.Nd2 Nc5 14.Qf3 Nfd7 15.Bf1 
a5 16.Rad1 Nb6 17.b3 Ne6 18.Nc4 Nxc4 19.Bxc4 Bb4 20.Rd3 Nc5 21.Bxc5 Bxc5 
22.Red1 Qe7 23.Kg2 Kg7 24.Qe2 b6 25.Qd2 Ra7 26.Rd8 Bb4 27.Rxe8 Qxe8 28.Qd8
Qxd8 29.Rxd8 Bd7 30.Na2 Bc5 31.Rb8 f5 32.f3 Kf6 33.Nc1 fxe4 34.fxe4 Ke7 
35.Rh8 h5 36.Rh7+ Kf8 37.Be6 Be7 38.Bf7 Bg5 39.Nd3 Bxh3+ 40.Kxh3 Rxf7 41.
Rxf7+ Kxf7 42.Nxe5+ Kg7 43.Nxc6 Kf6 44.Kg2 Ke6 45.Kf3 Bf6 46.b4 Bc3 47.b5 
g5 48.Nd8+ Kf6 49.Nc6 Ke6 50.Nd8+ 1/2-1/2

[Event "Nordic Championship"]
[Site "Vaxjo"]
[Date "2017.06.27"]
[Round "2.3"]
[White "Hjartarson, Johann"]
[Black "Rydstrom, Tom"]
[Result "1-0"]
[WhiteElo "2541"]
[BlackElo "2313"]

1.c4 c6 2.Nf3 d5 3.e3 Nf6 4.b3 Bf5 5.Bb2 e6 6.Be2 Nbd7 7.Nh4 Bg6 8.O-O Bd6
9.g3 Qe7 10.Nc3 e5 11.cxd5 Nxd5 12.Nxd5 cxd5 13.f4 f6 14.Bb5 O-O-O 15.Qg4 
Kb8 16.Nxg6 hxg6 17.Qxg6 exf4 18.exf4 Bc5+ 19.Kg2 Qe6 20.h4 Rh6 21.Qd3 a6 
22.Qe2 Qd6 23.Bxd7 Qxd7 24.Rfe1 g5 25.fxg5 fxg5 26.Qe5+ Ka8 27.Qxg5 Rf8 
28.Rf1 Rxf1 29.Rxf1 Re6 30.Qg4 Qe8 31.Kh3 Rg6 32.Qf3 Bd6 33.g4 Re6 34.Qxd5
Bb8 35.Rf2 Re1 36.Rf7 Qc8 37.Rf6 Bc7 38.Qf3 Re8 39.Rxa6+ Kb8 40.Rh6 Qd7 
41.Bc3 Ka7 42.Rf6 Re7 43.Qf2+ b6 44.Qf3 Qe8 45.Rf8 Re2 46.Be5 1-0

[Event "Nordic Championship"]
[Site "Vaxjo"]
[Date "2017.06.27"]
[Round "2.4"]
[White "Tuomainen, Felix"]
[Black "Rasmussen, Allan Stig"]
[Result "0-1"]
[WhiteElo "2294"]
[BlackElo "2540"]

1.d4 Nf6 2.c4 c5 3.d5 e5 4.Nc3 d6 5.g3 Nbd7 6.Bg2 h5 7.h4 a6 8.Nf3 g6 9.
O-O Bg7 10.Bg5 O-O 11.Qc1 Qc7 12.e4 Nh7 13.Bh6 Ndf6 14.Bxg7 Kxg7 15.Ng5 
Nxg5 16.hxg5 Nh7 17.f4 Qe7 18.Qd2 Bd7 19.a4 f6 20.gxf6+ Rxf6 21.Rf2 Raf8 
22.Raf1 R6f7 23.b3 Nf6 24.Ne2 Ng4 25.Rf3 exf4 26.Rxf4 Ne5 27.Rxf7+ Rxf7 
28.Rxf7+ Nxf7 29.Nf4 Qe5 30.Qe3 Qa1+ 31.Bf1 Ne5 32.Kg2 Ng4 33.Qd2 Qb1 34.
Qc3+ Kf7 35.Bd3 Qa2+ 36.Ne2 Ne5 37.Bc2 Qa3 38.Bb1 b6 39.Bc2 Bg4 40.Qe3 
Bxe2 41.Qxe2 Qc1 42.Bd1 Kg7 43.Qf1 Qd2+ 44.Qe2 Qd4 45.Bc2 Ng4 46.Bd3 a5 
47.Bc2 Qe3 48.Bd1 Qc1 49.Kf3 Kf6 50.Qe1 Ke5 51.Qe2 Qc3+ 52.Kg2 Qe3 53.Qa2 
Qxe4+ 54.Bf3 Ne3+ 55.Kf2 Qc2+ 0-1

[Event "Nordic Championship"]
[Site "Vaxjo"]
[Date "2017.06.27"]
[Round "2.5"]
[White "Smith, Axel"]
[Black "Kucuksari, Kaan"]
[Result "1/2-1/2"]
[WhiteElo "2505"]
[BlackElo "2299"]

1.e4 c6 2.d4 d5 3.exd5 cxd5 4.c4 Nf6 5.Nc3 Nc6 6.Bg5 Be6 7.Be2 Qa5 8.c5 
Ne4 9.Nf3 Nxg5 10.Nxg5 g6 11.Bb5 Bg7 12.Nxe6 fxe6 13.Qg4 O-O 14.Bxc6 bxc6 
15.Qxe6+ Rf7 16.Qxc6 Rb8 17.O-O Bxd4 18.Qxd5 Bxc5 19.Rab1 Rd8 20.Qe6 Bd4 
21.Ne4 Qf5 22.Qxf5 gxf5 23.Ng5 Rf6 24.Nf3 e5 25.Rfd1 Rfd6 26.Kf1 Bb6 27.
Rxd6 Rxd6 28.Ke2 e4 29.Ne5 f4 30.Nc4 f3+ 31.gxf3 exf3+ 32.Kxf3 Rf6+ 33.Kg3
Rg6+ 34.Kh3 Bxf2 35.Rd1 Bc5 36.Rd5 Bf8 37.Rd7 Rg7 38.Rxg7+ Kxg7 39.Kg4 Kf6
40.Kf4 Ke6 41.Ke4 Bg7 42.b3 Bf6 43.Ne3 Be5 44.h3 Bg7 45.Nf5 Bf8 46.Nd4+ 
Kd6 47.b4 Kd7 48.a3 a5 49.bxa5 Bxa3 50.a6 Kc8 51.Nb5 Bc5 52.Kf5 Bf2 53.Kg4
Kb8 54.h4 Be3 55.Kf5 Bf2 56.h5 Be3 57.Kf6 Bc1 58.Kg7 h6 59.Kg6 Ka8 60.Nd4 
Ka7 61.Nf5 Kxa6 62.Nxh6 Kb7 63.Nf7 Kc6 64.Ng5 Kd7 65.h6 Ke7 66.h7 Bb2 67.
Nf7 Bc3 68.Nh6 Bh8 69.Nf5+ Ke6 70.Ng3 Ke7 71.Ne4 Kf8 72.Nf6 Ke7 73.Ng8+ 
Kf8 74.Nh6 Ke7 75.Nf7 Bb2 76.Ng5 Bh8 77.Nh3 Kf8 78.Nf4 Ke7 79.Nd5+ Ke6 80.
Ne3 Ke7 81.Nf5+ Kf8 82.Nh4 Ke7 83.Kh6 Kf7 84.Ng6 Bg7+ 85.Kg5 Bh8 86.Nxh8+ 
Kg7 87.Ng6 Kxh7 1/2-1/2

[Event "Nordic Championship"]
[Site "Vaxjo"]
[Date "2017.06.27"]
[Round "2.6"]
[White "Keinanen, Toivo"]
[Black "Westerberg, Jonathan"]
[Result "1/2-1/2"]
[WhiteElo "2287"]
[BlackElo "2468"]

1.d4 Nf6 2.c4 e6 3.g3 d5 4.Nf3 Be7 5.Bg2 O-O 6.O-O dxc4 7.Ne5 Qd6 8.Nxc4 
Qa6 9.Qc2 Nc6 10.e3 Bd7 11.Bd2 Rab8 12.b3 Nb4 13.Bxb4 Bxb4 14.a3 Be7 15.
Nbd2 c5 16.dxc5 Bxc5 17.Ne5 Rbc8 18.Nxd7 Nxd7 19.Rfc1 b5 20.Qd3 Ne5 21.Qe4
Qd6 22.Nf3 Nxf3+ 23.Bxf3 g6 24.a4 bxa4 25.Rxa4 Bb6 26.Rac4 Rcd8 27.Rd1 Qa3
28.Qc2 Rxd1+ 29.Bxd1 Qa6 30.Kg2 Qb7+ 31.Bf3 Qd7 32.Bc6 Qd6 33.Bf3 Qb8 34.
Rc3 Kg7 35.Rd3 Qe5 36.Rd7 Rd8 37.Rxd8 Bxd8 38.Be2 Bb6 39.Bc4 Kf8 40.Qe2 
Qe4+ 41.Qf3 Qxf3+ 42.Kxf3 Ke7 43.Ke4 Kd6 44.f4 Ba5 45.Kd3 Kc5 46.e4 Bb6 
47.f5 Kd6 48.fxe6 fxe6 49.Ke2 Ke5 50.Kf3 a5 51.Kg2 Kxe4 52.Bxe6 Ke3 53.Bd5
Kd4 54.Be6 Ke5 55.Bc4 h6 56.Bf7 Kf5 1/2-1/2

[Event "Nordic Championship"]
[Site "Vaxjo"]
[Date "2017.06.27"]
[Round "2.7"]
[White "Thybo, Jesper Sondergaard"]
[Black "Vernersson, Per"]
[Result "1/2-1/2"]
[WhiteElo "2465"]
[BlackElo "2290"]

1.d4 d5 2.Nf3 Nf6 3.c4 dxc4 4.e3 e6 5.Bxc4 c5 6.O-O a6 7.dxc5 Bxc5 8.Qxd8+
Kxd8 9.Be2 Ke7 10.Ne5 b5 11.a4 Bd6 12.Nd3 Bb7 13.axb5 axb5 14.Rxa8 Bxa8 
15.Nc3 Bc6 16.Bd2 Rc8 17.f3 Nbd7 18.Ra1 Nb6 19.e4 Nfd7 20.b3 f5 21.exf5 
exf5 22.Bf1 Nc5 23.Nc1 Be5 24.Ra7+ Nbd7 25.Nxb5 Rb8 26.Be3 Nxb3 27.Nxb3 
Bxb5 28.Bxb5 Rxb5 29.Nc5 Rb1+ 30.Kf2 Rd1 31.Bg5+ Ke8 32.Ra8+ Nb8 33.Na6 
Rb1 34.g3 Rb6 35.Nxb8 Rxb8 36.Ra5 Rb2+ 37.Ke3 Bc3 38.Rxf5 Rxh2 39.Kd3 Bb2 
40.g4 h6 41.Bf4 Rh3 42.Be3 Rh1 43.Rb5 Ba1 44.Rb7 Kf8 45.Ke4 Re1 46.f4 Bf6 
47.Rb3 Kf7 48.Kf5 g6+ 49.Ke4 Ra1 50.Rb7+ Kg8 51.Rb6 Ra4+ 52.Kd5 Kg7 53.
Rb7+ Kg8 54.Ke6 Ra6+ 55.Kd5 Ra4 56.Bd2 Rd4+ 57.Ke6 Rxd2 58.Kxf6 Rd6+ 59.
Ke5 Ra6 60.Rb5 Kf7 61.Rb7+ Kg8 62.Re7 Ra5+ 63.Kf6 Ra6+ 64.Re6 Rxe6+ 65.
Kxe6 h5 66.gxh5 gxh5 67.Ke7 h4 68.f5 h3 69.f6 h2 70.f7+ Kh7 71.f8=Q h1=Q 
72.Qf7+ Kh8 73.Qf6+ Kh7 1/2-1/2

[Event "Nordic Championship"]
[Site "Vaxjo"]
[Date "2017.06.27"]
[Round "2.8"]
[White "Thogersen, Rasmus"]
[Black "Kjartansson, Gudmundur"]
[Result "0-1"]
[WhiteElo "2222"]
[BlackElo "2464"]

1.e4 e5 2.Nf3 Nc6 3.Bc4 Bc5 4.O-O Nf6 5.d3 d6 6.c3 O-O 7.h3 h6 8.Re1 a6 9.
Bb3 Re8 10.Nbd2 Be6 11.Bxe6 fxe6 12.b4 Ba7 13.a4 Qd7 14.Qb3 Nh5 15.Nc4 Rf8
16.b5 Ne7 17.Ncd2 axb5 18.d4 bxa4 19.Rxa4 exd4 20.cxd4 b5 21.Ra5 c6 22.Bb2
Bb6 23.Raa1 Nf4 24.g3 Nfg6 25.Kg2 Nh8 26.Nh4 Rxa1 27.Rxa1 d5 28.Nhf3 Nf7 
29.Ra6 Qb7 30.Qa3 dxe4 31.Nxe4 Nd5 32.Nc5 Qe7 33.Nd3 Qf6 34.Nb4 Nxb4 35.
Qxb4 Ng5 36.Qxf8+ Qxf8 37.Nxg5 hxg5 38.Rxb6 Qd8 39.Rb7 Qd5+ 0-1

[Event "Nordic Championship"]
[Site "Vaxjo"]
[Date "2017.06.27"]
[Round "2.9"]
[White "Johansson, Linus"]
[Black "Seo, Jung Min"]
[Result "1/2-1/2"]
[WhiteElo "2448"]
[BlackElo "2276"]

1.d4 Nf6 2.c4 g6 3.Nc3 d5 4.cxd5 Nxd5 5.Bd2 Bg7 6.e4 Nxc3 7.Bxc3 O-O 8.h3 
e5 9.d5 Qh4 10.Bd3 Qg5 11.Nf3 Qe7 12.O-O a5 13.Qd2 b6 14.b4 a4 15.Rac1 Re8
16.Qc2 c6 17.Rfd1 Bb7 18.Bc4 b5 19.d6 Qd8 20.Be2 Nd7 21.Bd2 Nf8 22.Be3 Qd7
23.Nh2 h5 24.Bf1 Ne6 25.Nf3 f6 26.Bc5 Qf7 27.g3 Bc8 28.h4 Bd7 29.Kh2 g5 
30.Be3 g4 31.Ne1 Nd4 32.Rxd4 exd4 33.Bxd4 Qe6 34.Bg2 Qxd6 35.Rd1 Qc7 36.
Nd3 Be6 37.Nf4 Bf7 38.Nd5 Qd6 39.Bc5 Qe5 40.Bd4 Qd6 41.Bc5 Qe5 42.Bd4 
1/2-1/2

[Event "Nordic Championship"]
[Site "Vaxjo"]
[Date "2017.06.27"]
[Round "2.10"]
[White "Lindgren, Philip"]
[Black "Lind, Jan-Olov"]
[Result "0-1"]
[WhiteElo "2420"]
[BlackElo "2222"]

1.d4 Nf6 2.c4 g6 3.Nc3 Bg7 4.e4 d6 5.Bd3 Nc6 6.Nge2 e5 7.d5 Nd4 8.Nxd4 
exd4 9.Ne2 O-O 10.O-O Re8 11.f3 c5 12.Bg5 h6 13.Bh4 g5 14.Be1 Nh5 15.Bd2 
Kh8 16.g4 Nf6 17.Ng3 Nd7 18.Qc2 Ne5 19.h4 gxh4 20.Nh5 Bf8 21.Kg2 Bd7 22.
Rh1 b5 23.b3 bxc4 24.Bxc4 Rb8 25.Raf1 Be7 26.Bxh6 Rg8 27.Qc1 Kh7 28.Ng3 
Qb6 29.Rf2 Rg6 30.Bf4 Kg8 31.Nf5 Bxf5 32.exf5 Rg7 33.Bh6 Rh7 34.g5 Rxh6 
35.gxh6 Kh7 36.Rg1 Bf6 37.Kh1 Qb4 38.Qc2 Qc3 39.Qe4 Qe3 40.Qxe3 dxe3 41.
Re2 Nxf3 42.Rf1 Nd2 43.Rf4 Bg5 44.Rg4 f6 45.Bd3 Kxh6 46.Ra4 Rb7 47.Ra6 Bf4
48.Rg2 Bg3 49.Rxg3 hxg3 50.Kg2 Ne4 51.Kf3 Rg7 52.Kg2 Re7 53.Ra4 Nc3 54.
Rh4+ Kg5 55.Kxg3 e2 56.Rg4+ Kh6 57.Rg6+ Kh5 58.Bxe2+ Nxe2+ 59.Kf3 Nd4+ 60.
Kf4 Rf7 61.Rg2 Kh6 62.Ke4 Re7+ 63.Kf4 Kh7 64.Rg6 Rf7 65.Ke4 a5 66.Kf4 Ne2+
67.Ke3 Nc3 0-1

[Event "Nordic Championship"]
[Site "Vaxjo"]
[Date "2017.06.27"]
[Round "2.11"]
[White "Malm Lindberg, Henrik"]
[Black "Hansen, Mads"]
[Result "1/2-1/2"]
[WhiteElo "2214"]
[BlackElo "2414"]

1.e4 c5 2.Nf3 e6 3.d4 cxd4 4.Nxd4 Nc6 5.Nc3 Qc7 6.Be2 Nf6 7.O-O Be7 8.Be3 
O-O 9.f4 d6 10.Qe1 Nxd4 11.Bxd4 e5 12.fxe5 dxe5 13.Qg3 Bc5 14.Bxc5 Qxc5+ 
15.Kh1 Ne8 16.Rad1 Be6 17.Bg4 Nc7 18.Bf5 Rac8 19.h3 b5 20.Kh2 f6 21.Qf2 
Qxf2 22.Rxf2 b4 23.Nd5 Bxf5 24.Ne7+ Kh8 25.exf5 Rcd8 26.Rfd2 Rxd2 27.Rxd2 
Nb5 28.Rd7 Re8 29.g4 h5 30.Kg3 hxg4 31.hxg4 Nd4 32.Rxa7 Nxc2 33.Kf3 Rd8 
34.Rc7 b3 35.axb3 Nd4+ 36.Ke3 Kh7 37.Rc1 Kh6 38.Rh1+ Kg5 39.Rh7 Nc2+ 40.
Kf3 e4+ 41.Kxe4 Rd4+ 42.Kf3 Rd3+ 43.Kf2 Rd2+ 44.Kg3 Rd3+ 45.Kf2 Kf4 46.
Ng6+ Kxg4 47.Rxg7 Rd2+ 48.Kf1 Ne3+ 49.Ke1 Rxb2 50.Ne5+ Kxf5 51.Nc4 Rxb3 
52.Nxe3+ Rxe3+ 53.Kf2 Ra3 54.Rb7 Kg5 55.Rb4 f5 56.Kg2 f4 57.Rb8 1/2-1/2

[Event "Nordic Championship"]
[Site "Vaxjo"]
[Date "2017.06.27"]
[Round "2.12"]
[White "Ernst, Thomas"]
[Black "Wengholm, Anders"]
[Result "1/2-1/2"]
[WhiteElo "2381"]
[BlackElo "2209"]

1.d4 Nf6 2.c4 e6 3.Nc3 Bb4 4.e3 c5 5.Ne2 cxd4 6.exd4 O-O 7.c5 d6 8.a3 Ba5 
9.Bf4 d5 10.g3 Bc7 11.Bxc7 Qxc7 12.Bg2 Nc6 13.O-O e5 14.Nb5 Qe7 15.dxe5 
Qxe5 16.Ned4 a6 17.Nxc6 bxc6 18.Nd4 Qc7 19.Re1 a5 20.Qa4 Bd7 21.Re7 Rab8 
22.Qc2 Rfe8 23.Rae1 Rxe7 24.Rxe7 Qb7 25.b3 Re8 26.Rxe8+ Bxe8 27.Qc3 Qc7 
28.Qe3 g6 29.h3 h5 30.b4 axb4 31.axb4 Kf8 32.Qh6+ Ke7 33.Qg5 Bd7 34.f4 Qd8
35.f5 gxf5 36.Nxf5+ Bxf5 37.Qxf5 Qd7 38.Qg5 Qe6 39.Kf2 Kd7 40.Qf4 Kc8 41.
Bf3 Kb7 42.g4 hxg4 43.hxg4 Ne4+ 44.Kf1 f6 45.Qh6 Qe5 46.Qg7+ Kc8 47.Qg8+ 
Kc7 48.Qg7+ Kc8 49.Qg8+ Kc7 50.Qg7+ 1/2-1/2

[Event "Nordic Championship"]
[Site "Vaxjo"]
[Date "2017.06.27"]
[Round "2.13"]
[White "Johansson, Thomas"]
[Black "Schneider, Stefan"]
[Result "0-1"]
[WhiteElo "2205"]
[BlackElo "2360"]

1.Nf3 Nf6 2.c4 e6 3.d4 Bb4+ 4.Bd2 Qe7 5.Nc3 O-O 6.Rc1 b6 7.g3 Bb7 8.Bg2 d6
9.O-O Nbd7 10.d5 Bxc3 11.Bxc3 exd5 12.Nh4 Qe6 13.Qc2 Ne4 14.cxd5 Bxd5 15.
Rfd1 Rfe8 16.b3 Nxc3 17.Qxc3 Bxg2 18.Nxg2 Qxe2 19.Nf4 Qa6 20.Nh5 Ne5 21.
Nxg7 Kxg7 22.f4 Qxa2 23.fxe5 Rxe5 24.Ra1 Qe2 25.Re1 Qb5 26.b4 a5 27.Qxc7 
Qxb4 28.Rxe5 Qd4+ 0-1

[Event "Nordic Championship"]
[Site "Vaxjo"]
[Date "2017.06.27"]
[Round "2.14"]
[White "Nielsen, Rogvi Egilstoft"]
[Black "Olofsson-Dolk, Mattis"]
[Result "1-0"]
[WhiteElo "2353"]
[BlackElo "2203"]

1.e4 e5 2.Nf3 Nc6 3.Bc4 Nf6 4.d4 exd4 5.O-O Nxe4 6.Re1 d5 7.Bxd5 Qxd5 8.
Nc3 Qh5 9.Nxe4 Be6 10.Bg5 Bd6 11.Nxd6+ cxd6 12.Bf4 O-O 13.Nxd4 Qxd1 14.
Raxd1 Nxd4 15.Rxd4 d5 16.Rd3 Rac8 17.c3 Rfe8 18.Be3 a6 19.Ra1 f6 20.h3 h5 
21.a4 Kf7 22.Rdd1 Red8 23.Bd4 Bf5 24.Rd2 Rd7 25.b4 Re8 26.f3 h4 27.Kf2 
Rde7 28.Bc5 Rd7 29.Bd4 Rde7 30.Bc5 Rd7 31.Rad1 Be6 32.c4 d4 33.Rxd4 Red8 
34.Ke3 Ke8 35.Rxd7 Bxd7 36.Ra1 Be6 37.Rc1 a5 38.bxa5 Rc8 39.Kd4 Bd7 40.
Re1+ 1-0

[Event "Nordic Championship"]
[Site "Vaxjo"]
[Date "2017.06.27"]
[Round "2.15"]
[White "Krantz, Christopher"]
[Black "Lokander, Martin"]
[Result "1-0"]
[WhiteElo "2200"]
[BlackElo "2329"]

1.d4 d5 2.Bf4 Nf6 3.e3 c5 4.c3 Nc6 5.Nd2 e6 6.Ngf3 Bd6 7.Bg3 O-O 8.Bd3 b6 
9.e4 Be7 10.e5 Nh5 11.O-O c4 12.Bc2 b5 13.a3 a5 14.h4 Nxg3 15.fxg3 Bd7 16.
Nh2 b4 17.Qh5 g6 18.Qh6 f5 19.exf6 Bxf6 20.Bxg6 hxg6 21.Qxg6+ Bg7 22.Ng4 
Qe7 23.Nh6+ Kh8 24.Nf7+ Kg8 25.Ng5 Rf5 26.Qh7+ Kf8 27.g4 Rf6 28.Rxf6+ Bxf6
29.Rf1 Qxh7 30.Nxh7+ Ke7 31.Nxf6 bxc3 32.bxc3 Rb8 33.g5 1-0

[Event "Nordic Championship"]
[Site "Vaxjo"]
[Date "2017.06.27"]
[Round "2.16"]
[White "Rostgaard, Tobias Valentin"]
[Black "Nygren, Kim"]
[Result "0-1"]
[WhiteElo "2327"]
[BlackElo "2184"]

1.e4 c5 2.Nf3 Nc6 3.Bb5 d6 4.O-O Bg4 5.c3 Qb6 6.Na3 O-O-O 7.Be2 Bxf3 8.
Bxf3 Nf6 9.Nc4 Qc7 10.d4 e6 11.Bf4 e5 12.Bg3 h5 13.h4 g5 14.hxg5 h4 15.
gxf6 hxg3 16.Bg4+ Kb8 17.d5 Na5 18.Na3 gxf2+ 19.Rxf2 Bh6 20.c4 Be3 21.Qf3 
Bxf2+ 22.Qxf2 Rdg8 23.Nb5 Qd8 24.Be2 Rg6 25.Rf1 Rgh6 26.Qf5 a6 27.Nc3 Rh1+
28.Kf2 Rxf1+ 29.Kxf1 Rh6 30.Ke1 Rxf6 31.Qh3 Rg6 32.Nd1 Ka7 33.Kd2 Qg5+ 34.
Ne3 Qf4 35.Qf5 Rg3 36.Qxf4 exf4 37.Nf5 Rxg2 38.Ke1 Rg6 39.Kf2 Kb8 40.b3 
Kc7 41.Bh5 Rg5 42.Bxf7 b5 43.cxb5 axb5 44.Be8 b4 45.Bb5 Nb7 46.Kf3 Rg1 47.
Kxf4 Ra1 48.Ng7 Rxa2 49.Ne6+ Kb6 50.Bc6 c4 51.e5 cxb3 52.Be8 b2 53.Bg6 Ra1
54.exd6 b1=Q 55.Bxb1 Rxb1 56.d7 b3 0-1

[Event "Nordic Championship"]
[Site "Vaxjo"]
[Date "2017.06.27"]
[Round "2.18"]
[White "Johansson, Carl Fredrik"]
[Black "Brynell, Stellan"]
[Result "0-1"]
[WhiteElo "2173"]
[BlackElo "2434"]

1.d4 Nf6 2.c4 e6 3.Nc3 Bb4 4.e3 O-O 5.Bd3 c5 6.Nf3 d5 7.O-O Nc6 8.a3 Bxc3 
9.bxc3 Qc7 10.cxd5 exd5 11.Bb2 c4 12.Bc2 Bg4 13.Qe1 Ne7 14.Nd2 Bf5 15.Bxf5
Nxf5 16.f3 Rfe8 17.e4 Nxd4 18.cxd4 c3 19.Bxc3 Qxc3 20.Qf2 Rac8 21.e5 Nd7 
22.f4 f5 23.Rab1 b6 24.Rb3 Qc2 25.g4 Nf8 26.Qg2 Ne6 27.gxf5 Qxf5 28.Qxd5 
Red8 29.Qe4 Nxd4 30.Rb2 Rc3 31.Qg2 Rc2 32.Rxc2 Nxc2 33.Nc4 h6 34.Nd6 Qd3 
35.a4 Rf8 36.Kh1 Ne3 37.Qa2+ Kh8 38.Rc1 Rxf4 39.Rc8+ Kh7 40.Qg8+ Kg6 41.
Qe6+ Kg5 42.Qe7+ Kh5 43.Qe8+ g6 0-1

[Event "Nordic Championship"]
[Site "Vaxjo"]
[Date "2017.06.27"]
[Round "2.19"]
[White "Pettersson, Anders"]
[Black "Wahlund, Max"]
[Result "1-0"]
[WhiteElo "2057"]
[BlackElo "2142"]

1.d4 Nf6 2.c4 e5 3.dxe5 Ne4 4.Nf3 Nc6 5.e3 Bb4+ 6.Nbd2 Qe7 7.Bd3 Nxd2 8.
Bxd2 Nxe5 9.Nxe5 Bxd2+ 10.Qxd2 Qxe5 11.O-O-O d6 12.Kb1 Bf5 13.e4 Bd7 14.f4
Qc5 15.Qc3 O-O-O 16.Be2 Bc6 17.Bf3 f6 18.b4 Qb6 19.Ka1 Rhe8 20.Rhe1 Re7 
21.a4 Bxa4 22.Rd5 Bc6 23.Ra5 Qf2 24.Ra2 Qh4 25.g3 Qh3 26.b5 Be8 27.Rxa7 
Bh5 28.Bh1 Kd7 29.e5 fxe5 30.Bxb7 Ke8 31.b6 Qd7 32.Ba6 Kf8 33.Bb5 Qc8 34.
fxe5 dxe5 35.b7 1-0

[Event "Nordic Championship"]
[Site "Vaxjo"]
[Date "2017.06.27"]
[Round "2.20"]
[White "Blomqvist, Erik"]
[Black "Ask, Josef"]
[Result "1-0"]
[WhiteElo "2554"]
[BlackElo "2120"]

1.d4 Nf6 2.c4 g6 3.Nc3 Bg7 4.e4 d6 5.Bd3 O-O 6.Nge2 e5 7.d5 Nh5 8.Be3 f5 
9.exf5 gxf5 10.f3 e4 11.fxe4 f4 12.Bf2 Qg5 13.Nd4 a6 14.Nf3 Qe7 15.O-O Bg4
16.Be2 c5 17.e5 dxe5 18.Ne4 Nd7 19.Nfg5 Bxe2 20.Qxe2 f3 21.Nxf3 Nf4 22.Qc2
h6 23.Rae1 b6 24.Kh1 Qf7 25.Be3 Qg6 26.g3 Nh5 27.Nh4 Qg4 28.Nf2 Nxg3+ 29.
hxg3 Qxg3 30.Ng2 e4 31.Qxe4 Ne5 32.Bf4 1-0

[Event "Nordic Championship"]
[Site "Vaxjo"]
[Date "2017.06.27"]
[Round "2.21"]
[White "Fors, Tomas"]
[Black "Skjoldager, Flemming"]
[Result "1-0"]
[WhiteElo "2157"]
[BlackElo "1906"]

1.d4 Nf6 2.c4 e6 3.Nc3 d5 4.Bg5 c6 5.e3 Nbd7 6.Nf3 Qa5 7.Nd2 Bb4 8.Qc2 O-O
9.Be2 e5 10.Bxf6 Nxf6 11.dxe5 Ne4 12.cxd5 cxd5 13.Rc1 Bf5 14.Bd3 Rac8 15.
Ndxe4 dxe4 16.Bxe4 Bxc3+ 17.bxc3 Bxe4 18.Qxe4 Rxc3 19.O-O Rxc1 20.Rxc1 
Qxa2 21.Qxb7 h6 22.h3 a5 23.Qc7 a4 24.Qc3 Rb8 25.Rc2 Rb1+ 26.Kh2 Qb3 27.
Qc8+ Kh7 28.Rc3 Qe6 29.Qc5 Rb3 30.Rc4 Qa6 31.Rd4 Rb5 32.Qc2+ Qg6 33.Qxg6+ 
Kxg6 34.e6 fxe6 35.Rxa4 Rb2 36.Kg3 Kf6 37.h4 Rc2 38.Kf3 Rc1 39.g3 Rc2 40.
Ra6 Rb2 41.g4 Rb5 42.Kg3 Re5 43.Ra3 Rb5 44.f4 g5 45.fxg5+ hxg5 46.h5 Rb1 
47.Ra7 Rb2 48.h6 Rb8 49.h7 Re8 50.Kf3 Rh8 51.Ke4 Rd8 52.Rd7 Rh8 53.Kd4 Rc8
54.e4 Re8 55.e5+ Kg6 56.Kc5 Kh6 57.Kd6 Kg6 58.Re7 Ra8 59.Kxe6 Ra6+ 60.Kd5 
Ra5+ 61.Kc6 Ra8 62.Rc7 1-0

[Event "Nordic Championship"]
[Site "Vaxjo"]
[Date "2017.06.27"]
[Round "2.22"]
[White "Storme, Isak"]
[Black "Sjostrand, Joel"]
[Result "1-0"]
[WhiteElo "2129"]
[BlackElo "1890"]

1.Nf3 f5 2.g3 Nf6 3.Bg2 e6 4.O-O Be7 5.c4 d5 6.b3 O-O 7.Bb2 c5 8.cxd5 exd5
9.d4 b6 10.Nc3 Nc6 11.dxc5 bxc5 12.Ne1 Be6 13.Nd3 g5 14.Na4 Nd7 15.Rc1 Qa5
16.b4 Nxb4 17.Nxb4 cxb4 18.Rc6 Kf7 19.e4 Nf6 20.e5 Ng4 21.h3 Qb5 22.hxg4 
Qxc6 23.gxf5 Rad8 24.Qh5+ Kg8 25.f6 Bc5 26.Qxg5+ Kf7 27.Nxc5 1-0

[Event "Nordic Championship"]
[Site "Vaxjo"]
[Date "2017.06.27"]
[Round "2.23"]
[White "Aroven, Mikael"]
[Black "Knutsson, Hakan"]
[Result "1-0"]
[WhiteElo "2114"]
[BlackElo "1880"]

1.f4 d5 2.Nf3 Nf6 3.e3 g6 4.b3 Bg7 5.Bb2 O-O 6.Be2 c5 7.O-O b6 8.Ne5 Bb7 
9.d3 Nfd7 10.Nd2 f6 11.Nxd7 Nxd7 12.e4 e5 13.f5 Bh6 14.exd5 Bxd5 15.Bf3 
Bxf3 16.Rxf3 Bxd2 17.Qxd2 g5 18.Qe3 Rc8 19.Qe4 Nb8 20.h4 h6 21.hxg5 hxg5 
22.Kf2 Kg7 23.Rh1 Qc7 24.Rh5 Nc6 25.Rfh3 Rh8 26.Qg4 Qf7 27.Rxg5+ 1-0

[Event "Nordic Championship"]
[Site "Vaxjo"]
[Date "2017.06.27"]
[Round "2.24"]
[White "Eriksson, Per"]
[Black "Thornblad, Erik"]
[Result "0-1"]
[WhiteElo "1891"]
[BlackElo "2107"]

1.e4 e5 2.Nf3 Nc6 3.d4 exd4 4.Bc4 Bc5 5.c3 Nf6 6.e5 d5 7.Bb5 Ne4 8.cxd4 
Bb6 9.h3 O-O 10.O-O Bd7 11.Bd3 f5 12.Nc3 Be6 13.Ne2 h6 14.Nf4 Qe8 15.b3 g5
16.Ne2 Rd8 17.Ba3 Rf7 18.Bb5 g4 19.hxg4 fxg4 20.Nh4 Rg7 21.g3 Ng5 22.Nf4 
Qf7 23.Bxc6 bxc6 24.Rc1 Nf3+ 25.Nxf3 gxf3 26.Qd2 Qf5 27.Be7 Rxe7 28.Rxc6 
Rf8 29.Kh2 Qg4 30.Nxe6 Rxe6 31.Rxe6 Qxe6 32.Rh1 Kg7 33.Kg1 Qg6 34.Rh4 Rf5 
35.Qe3 Qe6 36.g4 Rg5 37.Qf4 c6 38.Kh2 c5 39.Qxf3 cxd4 40.Qg3 Qxe5 41.f4 
Qe2+ 42.Kh3 Qf1+ 43.Kh2 Bc7 0-1